| 000 | 00909cam a2200229 4500 | ||
|---|---|---|---|
| 001 | ABS64513 | ||
| 008 | 011002n2001 000 0 eng u | ||
| 035 | _a(Sirsi) u114961 | ||
| 245 | _aSheds and self-storage | ||
| 260 | _c2001 | ||
| 490 |
_aProperty Week _v September 2001 (79) LOAN |
||
| 520 | _aSupplement on the shed and self-storage market. Looks at trade parks, flexi-leases, Longbridge and self-storage companies. Also includes regional reports on the industrial market in the south-east, south-west, north-west, scotland and the west midlands. Finally, provides a comprehensive breakdown of available sites across the country. | ||
| 590 | _aABS | ||
| 650 | _aSELF-STORAGE | ||
| 650 | _aWAREHOUSES | ||
| 650 | _aTRADE PARKS | ||
| 650 | _aINDUSTRIAL MARKET | ||
| 650 | _aLEASES | ||
| 650 | _aREGIONS | ||
| 690 | _aPROPERTY-COMMERCIAL PROPERTY-COMMERCIAL PROPERTY MARKET | ||
| 942 | _n0 | ||
| 999 |
_c68449 _d68449 |
||